| 000 | 00657nam a2200217Ia 4500 | ||
|---|---|---|---|
| 008 | 160319s9999 xx 000 0 und d | ||
| 050 | _aFIL HF 5691 | ||
| 050 | _b.B33 2000 c.2 | ||
| 100 | _aBacani, Alberto C. | ||
| 245 | _aElements of business mathematics / | ||
| 245 | _cAlberto C. Bacani, Illuminado S. Balatbat, Angela A. Julian. | ||
| 260 | _aManila: | ||
| 260 | _bGIC Enterprises,. Inc., | ||
| 260 | _c2000 | ||
| 300 | _a230 pages : | ||
| 300 | _billustrations ; | ||
| 300 | _c22 cm. | ||
| 500 | _aIncludes index. | ||
| 650 | _aBusiness mathematics -- Problems, exercises, etc. | ||
| 650 | _xBusiness mathematics -- Study and teaching. | ||
| 999 |
_c291787 _d291787 |
||